000 00559nam a2200181Ia 4500
008 151018s9999 xx 000 0 und d
082 _bRBASDV42291
_a294.59
100 _aप्र न जोशी
245 _aभागवत पुराण
250 _b1
260 _bप्रसाद प्रकाशन मुंबई
_c1982
300 _a400
600 _aप्र न जोशी
630 _aभागवत पुराण
700 _aप्र न जोशी
730 _aभागवत पुराण
942 _cBOOK
999 _c1041520
_d1041517